UM Logo

Team-based learning in a coaching education course : (Record no. 21180)

MARC details
000 -LEADER
fixed length control field 01004nam a22002177a 4500
005 - DATE AND TIME OF LATEST TRANSACTION
control field 20250827143355.0
008 - FIXED-LENGTH DATA ELEMENTS--GENERAL INFORMATION
fixed length control field 240902b ||||| |||| 00| 0 eng d
082 ## - DEWEY DECIMAL CLASSIFICATION NUMBER
Classification number DPer 796.07 J826 July-October 2019 January-April 2020 v. 38, 39 n. 3-4, 1-2
100 ## - MAIN ENTRY--PERSONAL NAME
Personal name Collins, Karen E.
Relator term author.
9 (RLIN) 59806
245 ## - TITLE STATEMENT
Title Team-based learning in a coaching education course :
Remainder of title impact on student learning /
Statement of responsibility, etc. Karen E. Collins, Catherine E. Overson, and Victor A. Bennasi.
260 ## - PUBLICATION, DISTRIBUTION, ETC. (IMPRINT)
Place of publication, distribution, etc. Champaign, Illinois ;
Name of publisher, distributor, etc. Human Kinetics, Inc. ,
Date of publication, distribution, etc. January 2020.
300 ## - PHYSICAL DESCRIPTION
Extent Volume 39, pages 28-35 :
Other physical details illustration ;
Dimensions 28 cm.
500 ## - GENERAL NOTE
General note Journal of Teaching in Physical Education, vol. 39, no. 1, pages 28-35, January 2020.
650 #0 - SUBJECT ADDED ENTRY--TOPICAL TERM
Topical term or geographic name as entry element Academic achievement.
9 (RLIN) 44689
650 #0 - SUBJECT ADDED ENTRY--TOPICAL TERM
Topical term or geographic name as entry element Active learning.
9 (RLIN) 4623
650 #0 - SUBJECT ADDED ENTRY--TOPICAL TERM
Topical term or geographic name as entry element Student satisfaction.
9 (RLIN) 67080
700 ## - ADDED ENTRY--PERSONAL NAME
Personal name Collins, Karen E.
Relator term author.
9 (RLIN) 59806
700 ## - ADDED ENTRY--PERSONAL NAME
Personal name Overson, Catherine E.
Relator term author.
9 (RLIN) 59807
700 ## - ADDED ENTRY--PERSONAL NAME
Personal name Bennasi, Victor A.
Relator term author.
9 (RLIN) 59808
942 ## - ADDED ENTRY ELEMENTS (KOHA)
Source of classification or shelving scheme Dewey Decimal Classification
Koha item type Periodicals
Holdings
Withdrawn status Lost status Source of classification or shelving scheme Damaged status Not for loan Collection code Home library Current library Date acquired Total Checkouts Full call number Date last seen Price effective from Koha item type Public note
    Dewey Decimal Classification     Periodicals UM Digos College - LIC UM Digos College - LIC 09/02/2024   DPer 796.07 J826 July-October 2019 January-April 2020 v. 38, 39 n. 3-4, 1-2 09/02/2024 09/02/2024 Periodicals Periodical Article